Gaming Quiz

Random Gaming or Board Games Quiz

Multiple Guess Board Games Quiz Stats

 Plays Quiz Updated Jul 3, 2015

Challenge
Share
Tweet
Score 0/100 Timer 10:00
2 Plays Today
Hint Answers % Correct
???
100%
C1)???
97.7%
???
97.7%
B2)???
96.8%
???
96.8%
B3)???
95.7%
???
95.7%
D2)???
95.3%
A4)???
94.9%
???
94.9%
D5)???
94.3%
???
94.3%
C2)???
94.2%
A6)???
93.8%
???
93.8%
A1)???
93.4%
D7)???
93.4%
???
93.4%
C8)???
93.1%
???
93.1%
C9)???
93%
???
93%
B10)???
92.8%
???
92.8%
D11)???
92.4%
???
92.4%
A12)???
92.3%
???
92.3%
C13)???
92.1%
???
92.1%
A2)???
92%
B14)???
91.9%
???
91.9%
A15)???
91.8%
Hint Answers % Correct
???
91.8%
B16)???
91.6%
???
91.6%
B17)???
91.5%
???
91.5%
D18)???
91.4%
???
91.4%
C19)???
91.3%
???
91.3%
A20)???
91.2%
D9)???
88.8%
B20)???
87.2%
D17)???
86.8%
D20)???
86.3%
B9)???
86.1%
C17)???
86%
B15)???
85.9%
C20)???
85.7%
A17)???
85.3%
D1)???
84.6%
B1)???
84.1%
D4)???
83.9%
B11)???
83.5%
A11)???
83%
C15)???
82.9%
D10)???
82.7%
D15)???
82%
C11)???
80.3%
B4)???
80.2%
A9)???
79.8%
C10)???
78.7%
D19)???
77%
B13)???
76.1%
C18)???
75.8%
Hint Answers % Correct
D13)???
75.7%
C12)???
73.9%
C4)???
73%
B12)???
73%
A10)???
71.2%
D3)???
71.1%
A3)???
69.9%
A19)???
69.9%
B8)???
69.7%
D6)???
67.5%
B19)???
67.4%
C14)???
67.2%
A13)???
66.8%
C7)???
66.6%
B6)???
65.8%
B18)???
65.6%
D14)???
65.4%
D8)???
65.1%
B5)???
65%
C6)???
64.7%
A5)???
64.3%
C3)???
62.8%
C16)???
61.7%
D12)???
61.6%
B7)???
53.6%
A14)???
52.6%
C5)???
51.8%
D16)???
51.6%
A8)???
50.6%
A18)???
49.4%
A7)???
48.2%
A16)???
33.5%

You're not logged in!

Compare scores with friends on all Sporcle quizzes.
Join for Free
OR
Log In

You Might Also Like...

Show Comments

Extras

Top Quizzes Today


Score Distribution

Your Account Isn't Verified!

In order to create a playlist on Sporcle, you need to verify the email address you used during registration. Go to your Sporcle Settings to finish the process.

Report this User

Report this user for behavior that violates our Community Guidelines.

Details: